<?xml version="1.0" encoding="UTF-8"?><?xml-stylesheet type="text/xsl" href="static/style.xsl"?><OAI-PMH xmlns="http://www.openarchives.org/OAI/2.0/" xmlns:xsi="http://www.w3.org/2001/XMLSchema-instance" xsi:schemaLocation="http://www.openarchives.org/OAI/2.0/ http://www.openarchives.org/OAI/2.0/OAI-PMH.xsd"><responseDate>2026-04-17T14:48:37Z</responseDate><request verb="GetRecord" identifier="oai:riubu.ubu.es:10259/4342" metadataPrefix="marc">https://riubu.ubu.es/oai/request</request><GetRecord><record><header><identifier>oai:riubu.ubu.es:10259/4342</identifier><datestamp>2022-04-29T12:02:45Z</datestamp><setSpec>com_10259_5827</setSpec><setSpec>com_10259_5086</setSpec><setSpec>com_10259_2604</setSpec><setSpec>com_10259_4244</setSpec><setSpec>col_10259_5828</setSpec><setSpec>col_10259_4245</setSpec></header><metadata><record xmlns="http://www.loc.gov/MARC21/slim" xmlns:doc="http://www.lyncode.com/xoai" xmlns:xsi="http://www.w3.org/2001/XMLSchema-instance" xmlns:dcterms="http://purl.org/dc/terms/" xsi:schemaLocation="http://www.loc.gov/MARC21/slim http://www.loc.gov/standards/marcxml/schema/MARC21slim.xsd">
<leader>00925njm 22002777a 4500</leader>
<datafield tag="042" ind1=" " ind2=" ">
<subfield code="a">dc</subfield>
</datafield>
<datafield tag="720" ind1=" " ind2=" ">
<subfield code="a">Rebolleda Alonso, Sara</subfield>
<subfield code="e">author</subfield>
</datafield>
<datafield tag="720" ind1=" " ind2=" ">
<subfield code="a">Beltrán Calvo, Sagrario</subfield>
<subfield code="e">author</subfield>
</datafield>
<datafield tag="720" ind1=" " ind2=" ">
<subfield code="a">Sanz Díez, Mª Teresa</subfield>
<subfield code="e">author</subfield>
</datafield>
<datafield tag="720" ind1=" " ind2=" ">
<subfield code="a">González San José, Mª Luisa</subfield>
<subfield code="e">author</subfield>
</datafield>
<datafield tag="720" ind1=" " ind2=" ">
<subfield code="a">García Solaesa, Ángela</subfield>
<subfield code="e">author</subfield>
</datafield>
<datafield tag="260" ind1=" " ind2=" ">
<subfield code="c">2013-12</subfield>
</datafield>
<datafield tag="520" ind1=" " ind2=" ">
<subfield code="a">The supercritical fluid extraction (SFE) of wheat bran alkylresorcinols has been studied. Extractions were carried out at 40.0 MPa. The effect of particle size, static extraction pretreatment with supercritical CO2 (SC-CO2) and extraction temperature on the extraction kinetics was investigated. The extraction yield increased as the particle size decreased and with temperature. Extraction curves present a faster and linear initial extraction period followed by a slower extraction period. Based on these results the approximate mathematical model of Sovová was successfully applied to describe the extraction curves. The total content of alkylresorcinols was determined and compared with the alkylresorcinol content obtained by conventional organic solvent extraction. Due to the amphiphilic nature of these resorcinolic lipids, the extraction yield was higher for polar organic solvents than for SC-CO2. Characterization of supercritical extracts was also performed by determining the fatty acid composition and antioxidant activity.</subfield>
</datafield>
<datafield tag="024" ind2=" " ind1="8">
<subfield code="a">http://hdl.handle.net/10259/4342</subfield>
</datafield>
<datafield ind1=" " ind2=" " tag="653">
<subfield code="a">Supercritical fluid extraction</subfield>
</datafield>
<datafield ind1=" " ind2=" " tag="653">
<subfield code="a">Wheat bran</subfield>
</datafield>
<datafield ind1=" " ind2=" " tag="653">
<subfield code="a">Alkylresorcinols</subfield>
</datafield>
<datafield ind1=" " ind2=" " tag="653">
<subfield code="a">Sovová’s model</subfield>
</datafield>
<datafield tag="245" ind1="0" ind2="0">
<subfield code="a">Extraction of alkylresorcinols from wheat bran with supercritical CO2</subfield>
</datafield>
</record></metadata></record></GetRecord></OAI-PMH>